<?xml version="1.0" encoding="UTF-8"?><?xml-stylesheet type="text/xsl" href="static/style.xsl"?><OAI-PMH xmlns="http://www.openarchives.org/OAI/2.0/" xmlns:xsi="http://www.w3.org/2001/XMLSchema-instance" xsi:schemaLocation="http://www.openarchives.org/OAI/2.0/ http://www.openarchives.org/OAI/2.0/OAI-PMH.xsd"><responseDate>2026-06-30T04:09:05Z</responseDate><request verb="GetRecord" identifier="oai:riubu.ubu.es:10259/8414" metadataPrefix="marc">https://riubu.ubu.es/oai/request</request><GetRecord><record><header><identifier>oai:riubu.ubu.es:10259/8414</identifier><datestamp>2024-01-23T01:05:29Z</datestamp><setSpec>com_10259_4365</setSpec><setSpec>com_10259_5086</setSpec><setSpec>com_10259_2604</setSpec><setSpec>com_10259.4_2520</setSpec><setSpec>col_10259_4366</setSpec><setSpec>col_10259.4_2521</setSpec></header><metadata><record xmlns="http://www.loc.gov/MARC21/slim" xmlns:doc="http://www.lyncode.com/xoai" xmlns:xsi="http://www.w3.org/2001/XMLSchema-instance" xmlns:dcterms="http://purl.org/dc/terms/" xsi:schemaLocation="http://www.loc.gov/MARC21/slim http://www.loc.gov/standards/marcxml/schema/MARC21slim.xsd">
<leader>00925njm 22002777a 4500</leader>
<datafield tag="042" ind1=" " ind2=" ">
<subfield code="a">dc</subfield>
</datafield>
<datafield tag="720" ind1=" " ind2=" ">
<subfield code="a">Cavia Camarero, María del Mar</subfield>
<subfield code="e">author</subfield>
</datafield>
<datafield tag="720" ind1=" " ind2=" ">
<subfield code="a">Arlanzón, Nerea</subfield>
<subfield code="e">author</subfield>
</datafield>
<datafield tag="720" ind1=" " ind2=" ">
<subfield code="a">Busto Vázquez, Natalia</subfield>
<subfield code="e">author</subfield>
</datafield>
<datafield tag="720" ind1=" " ind2=" ">
<subfield code="a">Carrillo Pérez, Celia</subfield>
<subfield code="e">author</subfield>
</datafield>
<datafield tag="720" ind1=" " ind2=" ">
<subfield code="a">Alonso de la Torre, Sara</subfield>
<subfield code="e">author</subfield>
</datafield>
<datafield tag="260" ind1=" " ind2=" ">
<subfield code="c">2023-04</subfield>
</datafield>
<datafield tag="520" ind1=" " ind2=" ">
<subfield code="a">Various factors can influence the polyphenol content and the antioxidant capacity of ciders,&#xd;
such as the apple variety, its degree of maturity, apple farming and storage conditions, and the&#xd;
cider-fermentation method, all of which explains why ciders of different origin present different&#xd;
values. In addition, digestive processes could have some effects on the properties of cider. Hence,&#xd;
the objective of this study is to characterize Spanish ciders in terms of their polyphenol content&#xd;
and antioxidant capacity and to ascertain whether those same properties differ in digested ciders.&#xd;
In total, 19 ciders were studied from three different zones within Spain: Asturias (A) (10), the&#xd;
Basque Country (BC) (6), and Castile-and-Leon (CL) (3). A range of assays was used to determine&#xd;
the total polyphenol content and the antioxidant capacity of the ciders. In addition, a digestive&#xd;
process was simulated in vitro, assessing whether the use of amylase might influence the recovery of&#xd;
bioactive compounds after digestion. The Basque Country ciders presented higher total polyphenol&#xd;
contents (830 ± 179 GAE/L) and higher antioxidant capacities (DPPH: 5.4 ± 1.6 mmol TE/L; ABTS:&#xd;
6.5 ± 2.0 mmol TE/L; FRAP: 6.9 ± 1.6 mmol TE/L) than the other ciders that were studied. The&#xd;
in vitro digestion process, regardless of the use of amylase, implied a loss of phenolic compounds&#xd;
(598 ± 239 mg GAE/L undigested samples; 466 ± 146 mg GAE/L digested without amylase samples;&#xd;
420 ± 115 mg GAE/L digested with amylase samples), although the variation in antioxidant activity&#xd;
depended on the assay chosen for its determination.</subfield>
</datafield>
<datafield tag="024" ind2=" " ind1="8">
<subfield code="a">http://hdl.handle.net/10259/8414</subfield>
</datafield>
<datafield tag="024" ind2=" " ind1="8">
<subfield code="a">10.3390/foods12091861</subfield>
</datafield>
<datafield tag="024" ind2=" " ind1="8">
<subfield code="a">2304-8158</subfield>
</datafield>
<datafield ind1=" " ind2=" " tag="653">
<subfield code="a">Apple wine</subfield>
</datafield>
<datafield ind1=" " ind2=" " tag="653">
<subfield code="a">Digestion protocols</subfield>
</datafield>
<datafield ind1=" " ind2=" " tag="653">
<subfield code="a">Antioxidants</subfield>
</datafield>
<datafield ind1=" " ind2=" " tag="653">
<subfield code="a">DPPH</subfield>
</datafield>
<datafield ind1=" " ind2=" " tag="653">
<subfield code="a">ABTS</subfield>
</datafield>
<datafield ind1=" " ind2=" " tag="653">
<subfield code="a">FRAP</subfield>
</datafield>
<datafield ind1=" " ind2=" " tag="653">
<subfield code="a">ORAC</subfield>
</datafield>
<datafield tag="245" ind1="0" ind2="0">
<subfield code="a">The Impact of In Vitro Digestion on the Polyphenol Content and Antioxidant Activity of Spanish Ciders</subfield>
</datafield>
</record></metadata></record></GetRecord></OAI-PMH>